<?xml version="1.0" encoding="UTF-8"?><?xml-stylesheet type="text/xsl" href="static/style.xsl"?><OAI-PMH xmlns="http://www.openarchives.org/OAI/2.0/" xmlns:xsi="http://www.w3.org/2001/XMLSchema-instance" xsi:schemaLocation="http://www.openarchives.org/OAI/2.0/ http://www.openarchives.org/OAI/2.0/OAI-PMH.xsd"><responseDate>2026-04-14T18:11:46Z</responseDate><request verb="GetRecord" identifier="oai:uvadoc.uva.es:10324/7664" metadataPrefix="marc">https://uvadoc.uva.es/oai/request</request><GetRecord><record><header><identifier>oai:uvadoc.uva.es:10324/7664</identifier><datestamp>2025-02-17T14:06:32Z</datestamp><setSpec>com_10324_7492</setSpec><setSpec>com_10324_952</setSpec><setSpec>com_10324_894</setSpec><setSpec>col_10324_7493</setSpec></header><metadata><record xmlns="http://www.loc.gov/MARC21/slim" xmlns:doc="http://www.lyncode.com/xoai" xmlns:xsi="http://www.w3.org/2001/XMLSchema-instance" xmlns:dcterms="http://purl.org/dc/terms/" xsi:schemaLocation="http://www.loc.gov/MARC21/slim http://www.loc.gov/standards/marcxml/schema/MARC21slim.xsd">
<leader>00925njm 22002777a 4500</leader>
<datafield tag="042" ind1=" " ind2=" ">
<subfield code="a">dc</subfield>
</datafield>
<datafield tag="720" ind1=" " ind2=" ">
<subfield code="a">Ruano Benito, Irene</subfield>
<subfield code="e">author</subfield>
</datafield>
<datafield tag="720" ind1=" " ind2=" ">
<subfield code="a">Peso Taranco, Carlos Emilio del</subfield>
<subfield code="e">author</subfield>
</datafield>
<datafield tag="720" ind1=" " ind2=" ">
<subfield code="a">Bravo Oviedo, Felipe</subfield>
<subfield code="e">author</subfield>
</datafield>
<datafield tag="260" ind1=" " ind2=" ">
<subfield code="c">2014</subfield>
</datafield>
<datafield tag="520" ind1=" " ind2=" ">
<subfield code="a">Seed bank dynamics constitute a pool of natural regeneration, a complex and key&#xd;
process for stand persistence. The present work analyses post-dispersal predation on a&#xd;
Pinus pinaster Ait. (Maritime Pine) below-ground seed bank. The study was carried out&#xd;
at the experimental site of Mata de Cuellar (Segovia-Central Spain), where an integrated&#xd;
analysis of Maritime Pine regeneration has been underway since 2004. Seed predation&#xd;
was monitored every month from 2010 to 2013. A generalized linear model was fitted&#xd;
using ‘next spring seed density’ as the response variable and seed rain, micro-site&#xd;
conditions and annual climate variability as explanatory variables. Seed rain, distance to&#xd;
the nearest stump, basal area and Walter’s drought index, along with percentage cover&#xd;
of herbaceous species, pine needle litter and shrub species had significant positive&#xd;
effects. The number of neighbouring trees had a significant negative effect on seed&#xd;
density. These results demonstrate how seed rain, summer drought and micro-site&#xd;
conditions are crucial to understanding the effects of predation on the below-ground&#xd;
seed bank. Though greater than null, the final seed bank might be insufficient for&#xd;
successful natural regeneration due to high mortality caused by difficult germination&#xd;
and establishment conditions.</subfield>
</datafield>
<datafield tag="024" ind2=" " ind1="8">
<subfield code="a">European Journal of Forest Research; November 2014, Volume 129, Issue 6, pp 1119-1128</subfield>
</datafield>
<datafield tag="024" ind2=" " ind1="8">
<subfield code="a">1612-4677</subfield>
</datafield>
<datafield tag="024" ind2=" " ind1="8">
<subfield code="a">http://uvadoc.uva.es/handle/10324/7664</subfield>
</datafield>
<datafield ind1=" " ind2=" " tag="653">
<subfield code="a">Pinos-Semillas</subfield>
</datafield>
<datafield ind1=" " ind2=" " tag="653">
<subfield code="a">Pinos-Crecimiento</subfield>
</datafield>
<datafield tag="245" ind1="0" ind2="0">
<subfield code="a">Post-dispersal predation of Pinus pinaster Aiton seeds: key factors and effects on below-ground seed bank.</subfield>
</datafield>
</record></metadata></record></GetRecord></OAI-PMH>